Loading...
| Beliefs | 8 | 13.75 | 100% | 25% | 13% |
| Fine Arts - Classical Music and Opera | 5 | 12.00 | 80% | 40% | 0% |
| Fine Arts - Other Fine Arts | 4 | 17.50 | 100% | 50% | 25% |
| Fine Arts - Visual Fine Arts | 6 | 16.67 | 100% | 67% | 0% |
| Geography | 2 | 15.00 | 100% | 0% | 50% |
| History - European History | 6 | 13.33 | 100% | 33% | 0% |
| History - Other History | 3 | 16.67 | 100% | 67% | 0% |
| History - US History | 4 | 12.50 | 50% | 75% | 0% |
| History - World History | 7 | 18.57 | 100% | 71% | 14% |
| Literature - American Literature | 4 | 15.00 | 75% | 50% | 25% |
| Literature - British Literature | 7 | 12.86 | 100% | 29% | 0% |
| Literature - European Literature | 6 | 10.00 | 83% | 17% | 0% |
| Literature - World Literature | 5 | 12.00 | 80% | 40% | 0% |
| Modern World | 3 | 20.00 | 100% | 67% | 33% |
| Other Academic | 3 | 16.67 | 100% | 67% | 0% |
| Philosophy | 3 | 13.33 | 100% | 0% | 33% |
| Science - Biology | 4 | 10.00 | 100% | 0% | 0% |
| Science - Chemistry | 3 | 16.67 | 100% | 67% | 0% |
| Science - Earth Science | 1 | 10.00 | 100% | 0% | 0% |
| Science - Other Science | 5 | 6.00 | 40% | 0% | 20% |
| Science - Physics | 4 | 12.50 | 100% | 25% | 0% |
| Social Science | 7 | 10.00 | 86% | 14% | 0% |